| 000 | 01293pam a22003494a 4500 | ||
|---|---|---|---|
| 001 | 5794463 | ||
| 005 | 20150717115724.0 | ||
| 008 | 060308s2006 enk b 001 0 eng | ||
| 010 | _a 2006008189 | ||
| 020 | _a0199278245 (alk. paper) | ||
| 024 | 3 | _a9780199278244 | |
| 035 | _a(OCoLC)OCM64688696 | ||
| 035 | _a(NNC)5794463 | ||
| 040 |
_aDLC _cDLC _dBAKER _dBWKUK |
||
| 042 | _apcc | ||
| 050 | 0 | 0 |
_aQC6.4.I34 _bF74 2006 |
| 082 | 0 | 0 |
_a530.01 _222 |
| 100 | 1 |
_aFrench, Steven. _918384 |
|
| 245 | 1 | 0 |
_aIdentity in physics : _ba historical, philosophical, and formal analysis / _cby Steven French and Décio Krause. |
| 260 |
_aOxford : _bClarendon Press ; _aOxford ; _aNew York : _bOxford University Press, _c2006. |
||
| 300 |
_axv, 422 p. ; _c26 cm. |
||
| 504 | _aIncludes bibliographical references (p. [385]-413) and index. | ||
| 650 | 0 |
_aPhysics _xPhilosophy. _918385 |
|
| 650 | 0 |
_aIdentity (Philosophical concept) _91396 |
|
| 650 | 0 |
_aIndividuality. _914502 |
|
| 700 | 1 |
_aKrause, Decio. _918386 |
|
| 856 | 4 | 2 |
_3Publisher description _uhttp://www.loc.gov/catdir/enhancements/fy0640/2006008189-d.html |
| 856 | 4 | 1 |
_3Table of contents _uhttp://www.loc.gov/catdir/enhancements/fy0640/2006008189-t.html |
| 942 |
_2lcc _cMONOGRAPH |
||
| 948 | 1 |
_a20060829 _bc _csds12 _dMPS |
|
| 999 |
_c122998 _d122998 |
||